| 000 | 00641nam a2200229 a 4500 | ||
|---|---|---|---|
| 001 | 34226 | ||
| 003 | BD-RjUL | ||
| 005 | 20211209052126.0 | ||
| 008 | 140514r19531940e 000 0 eng d | ||
| 035 |
_aCURL 990060637242(Bnb) _a(BD-RjUL)34320 |
||
| 040 |
_aBD-RjUL _beng _cBD-RjUL _dBD-RjUL |
||
| 041 | _aeng | ||
| 082 |
_a294.343 _219 _bMAA 1953 |
||
| 100 | 1 |
_aMaurois, Andre _967274 |
|
| 245 | 1 | 4 | _aThe art of living : |
| 260 |
_aLondon : _bEnglish unviersity Press, _c1940 [Impression 1953]. |
||
| 300 |
_a222 p ; _c20 cm |
||
| 650 | 0 |
_aVipaśyanā (Buddhism) _9104040 |
|
| 942 |
_2ddc _cBK |
||
| 999 |
_c34226 _d34226 |
||